La profesión jurídica en Colombia (Registro nro. 10840)

000 -CABECERA
Campo de control de longitud fija 01874nam a22003497a 4500
003 - IDENTIFICADOR DEL NÚMERO DE CONTROL
Campo de control OSt
005 - FECHA Y HORA DE LA ÚLTIMA TRANSACCIÓN
Campo de control 20260416144941.0
008 - CÓDIGOS DE INFORMACIÓN DE LONGITUD FIJA
Campo de control de longitud fija 260413t2019 xxu||||| |||| 00| 0 spa d
020 ## - NÚMERO INTERNACIONAL NORMALIZADO PARA LIBROS (ISBN)
Número Internacional Normalizado para Libros (ISBN) 9789585441729
020 ## - NÚMERO INTERNACIONAL NORMALIZADO PARA LIBROS (ISBN)
Número Internacional Normalizado para Libros (ISBN) 9789585441712
040 ## - FUENTE DE LA CATALOGACIÓN
Centro catalogador de origen Unicoc
Lengua de catalogación spa
Centro que cataloga Bogotá (Dr. David Ordóñez Rueda) - Campus Norte
Centro modificador Bogotá (Dr. David Ordóñez Rueda) - Campus Norte
082 ## - NÚMERO DE LA CLASIFICACIÓN DECIMAL DEWEY
Número de clasificación 347.0504
100 ## - PUNTO DE ACCESO PRINCIPAL - NOMBRE DE PERSONA
9 (RLIN) 12927
Nombre de persona García Villegas, Mauricio
245 ## - MENCIÓN DE TÍTULO
Título La profesión jurídica en Colombia
Subtitulo o Resto del título : falta de reglas y exceso de mercado
Mención de responsabilidad etc. / Mauricio García Villegas, María Adelaida Ceballos Bedoya
250 ## - MENCIÓN DE EDICIÓN
Mención de edición 1 Ed.
260 ## - PUBLICATION, DISTRIBUTION, ETC. (IMPRINT)
Lugar de publicación distribución etc. Bogotá :
Nombre del editor distribuidor etc. Dejusticia ,
Fecha de publicación distribución etc. 2019
300 ## - DESCRIPCIÓN FÍSICA
Extensión 256 páginas
Otras características físicas Tablas, gráficas, diagramas
440 ## - MENCIÓN DE SERIE
9 (RLIN) 12926
Título Colección de justicia
500 ## - NOTA GENERAL
Nota general Incluye referencias bibliográficas
505 ## - NOTA DE CONTENIDO CON FORMATO
Título Capítulo 1. Visión comparada: Alemania y México, dos casos puestos de educación y regulación profesional. --
-- Capítulo 2. Los pregrados. --
-- Capítulo 3. Los posgrados. --
-- Capítulo 4. Controles a la profesión jurídica. --
-- Capítulo 5. Rama judicial. --
-- Capítulo 5. Rama ejecutiva. --
-- Capítulo 7. Organismos de control. --
-- Capítulo 8. Rama legislativa. --
-- Capítulo 9. Ejercicio privado o particular de la profesión. --
-- Conclusines: Una profesión desregulada y moldeada por el mercado.
526 ## - NOTA DE INFORMACIÓN SOBRE EL PROGRAMA DE ESTUDIO
Institución que aplica el campo Unicoc
546 ## - NOTA DE LENGUA
Nota de lengua Español
650 #0 - PUNTO DE ACCESO ADICIONAL DE MATERIA - TÉRMINO DE MATERIA
9 (RLIN) 12929
Término de materia o nombre geográfico como elemento inicial Profesión jurídica
650 #0 - PUNTO DE ACCESO ADICIONAL DE MATERIA - TÉRMINO DE MATERIA
9 (RLIN) 12930
Término de materia o nombre geográfico como elemento inicial Educación jurídica
650 #0 - PUNTO DE ACCESO ADICIONAL DE MATERIA - TÉRMINO DE MATERIA
9 (RLIN) 5462
Término de materia o nombre geográfico como elemento inicial Abogados
Subdivisión geográfica Colombia
650 #0 - PUNTO DE ACCESO ADICIONAL DE MATERIA - TÉRMINO DE MATERIA
9 (RLIN) 12062
Término de materia o nombre geográfico como elemento inicial Ejercicio de la abogacía
Subdivisión de materia general Sociología de la profesión
650 #0 - PUNTO DE ACCESO ADICIONAL DE MATERIA - TÉRMINO DE MATERIA
9 (RLIN) 5462
Término de materia o nombre geográfico como elemento inicial Abogados
Subdivisión de materia general Aspectos profesionales
658 #0 - TÉRMINO DE INDIZACIÓN - OBJETIVO CURRICULAR
9 (RLIN) 8008
Programa Académico Programa de Derecho
700 ## - PUNTO DE ACCESO ADICIONAL - NOMBRE DE PERSONA
9 (RLIN) 12928
Nombre de persona Ceballos Bedoya, Maria Adelaida
856 ## - LOCALIZACIÓN Y ACCESO ELECTRÓNICOS
Texto del enlace Acceso online exclusivo para comunidad Unicoc.
Identificador Uniforme del Recurso (URI) https://unicoceduco-my.sharepoint.com/:b:/g/personal/direccionbiblioteca_unicoc_edu_co/IQDecf2ypRudQIh9hGT1HaLgAa8Kcq1Bjtr9QpyUzsHyEJo
942 ## - ENTRADA PARA ELEMENTOS AGREGADOS (KOHA)
Fuente de clasificación o esquema de ordenación en estanterías
Koha [por defecto] tipo de item Libro electrónico
Existencias
Localización actual Estado de pérdida Estropeado Localización permanente Fecha del precio de reemplazo Fecha de adquisición Signatura completa Código de barras Código de colección Tipo de item de Koha No para préstamo Fecha última consulta Fuente de clasificación o esquema de ordenación en estanterías Fuente de adquisición Precio
Bogotá (Dr. David Ordóñez Rueda) - Campus Norte  Bogotá (Dr. David Ordóñez Rueda) - Campus Norte2026-04-132026-04-13347.0504Ebook10840Coleccion OnlineLibro electrónico 2026-04-13 Compra200000.00

© 2014 UNICOC | Institución Universitaria Colegios de Colombia - UNICOC
Bogotá D.C. Autopista Norte Km. 20. Teléfono:(571)6683535
Cali: Calle 13 Norte No. 3N-13. Teléfono: (572)6608887

Con tecnología de Koha